| 000 | 02068nam a2200577 i 4500 | ||
|---|---|---|---|
| 001 | 42248 | ||
| 003 | KOSZ 005 | ||
| 005 | 20240405063138.0 | ||
| 008 | 210406s2001 pl a f 000 0 pol | ||
| 015 | _aUWD 2002/10463 | ||
| 020 | _a8371770286 | ||
| 035 | _a991017743009705066 | ||
| 035 | _a(PL-WaBN)b14800986-48omnis_nlop | ||
| 035 | _ab14800986 | ||
| 035 | _a(OCoLC)297839824 | ||
| 035 | _axx001247720 | ||
| 035 | _a(PL)b0000001480098 | ||
| 035 | _a(EXLNZ-48OMNIS_NETWORK)9910117290605606 | ||
| 040 |
_aWA N _cWA N _dKOSZ 005/RW |
||
| 046 | _k2001 | ||
| 080 | _a658.114(438:4-67) | ||
| 245 | 0 | 0 |
_aMałe i średnie przedsiębiorstwo w projektach programów ramowych Unii Europejskiej / _credakcja Elżbieta Książek, Jacek Guliński. |
| 260 |
_aPoznań : _bWydawnictwo Poznańskie, _c2001. |
||
| 300 |
_a190, [1] stron : _bilustracje ; _c21 cm. |
||
| 336 |
_aTekst _btxt _2rdacontent |
||
| 337 |
_aBez urządzenia pośredniczącego _bn _2rdamedia |
||
| 338 |
_aWolumin _bnc _2rdacarrier |
||
| 380 | _aKsiążki | ||
| 380 | _aPublikacje fachowe | ||
| 388 | 1 | _a2001- | |
| 490 | 1 | _aInnowacje - Przedsiębiorczość - Rozwój Regionalny | |
| 504 | _aBibliografia przy pracach oraz na stronach 190-[191]. | ||
| 610 | 2 | 7 |
_aUnia Europejska (UE) _2DBN |
| 648 | 7 | _a1901-2000 | |
| 648 | 7 | _a1989-2000 | |
| 648 | 7 | _a2001- | |
| 650 | 7 |
_aPrzedsiębiorstwa małe i średnie (MŚP) _2DBN |
|
| 650 | 7 | _aGospodarka | |
| 650 | 7 | _aPolityka | |
| 650 | 7 | _aProjekty unijne | |
| 651 | 7 |
_aPolska _2DBN |
|
| 655 | 7 | _aPraca zbiorowa | |
| 658 | _aGospodarka, ekonomia, finanse | ||
| 700 | 1 |
_aGuliński, Jacek _d(1950- ) _eRedakcja |
|
| 700 | 1 |
_aKsiążek, Elżbieta _eRedakcja |
|
| 710 | 2 |
_aWydawnictwo Poznańskie _4pbl |
|
| 830 | 0 | _aInnowacje - Przedsiębiorczość - Rozwój Regionalny | |
| 856 |
_uhttp://koha.tu.koszalin.pl/cgi-bin/koha/opac-detail.pl?biblionumber=42248 _yKatalog online BPK |
||
| 942 |
_2UKD _cKS |
||
| 999 |
_c42248 _d42248 |
||